000 00309nam a22001097a 4500
008 230605b xxu||||| |||| 00| 0 eng d
082 _a328.1945
_bITA
245 _aRules of Procedure of the Chamber of Deputies
_bRepublic of Italy
260 _aItaly
_bCamera Dei Deputati
_c2002
300 _a128p
942 _2ddc
_cBK
999 _c464
_d464